| Tag |
First Indicator |
Second Indicator |
Subfields |
| LEADER |
00000cam a2200000Ia 4500 |
| 001 |
in00004497313 |
| 005 |
20191203131027.0 |
| 008 |
030905s2003 nyua 000 0 eng d |
| 020 |
|
|
|a 1588901106
|
| 020 |
|
|
|a 3131293918
|
| 035 |
|
|
|a (OCoLC)ocm52971695
|
| 035 |
|
|
|z (UtOrBLW)35123
|
| 035 |
|
|
|a 51500
|
| 040 |
|
|
|a WIC
|c WIC
|d UtOrBLW
|
| 049 |
|
|
|a TMVM
|c 1
|
| 060 |
|
4 |
|a WV 17
|b B935c 2003
|
| 100 |
1 |
|
|a Bull, T. R.
|
| 245 |
1 |
0 |
|a Color atlas of E.N.T. diagnosis /
|c Tony R. Bull.
|
| 246 |
3 |
|
|a Color atlas of ENT diagnosis
|
| 246 |
3 |
0 |
|a E.N.T. diagnosis
|
| 250 |
|
|
|a 4th edition , revised and expanded.
|
| 264 |
|
1 |
|a Stuttgart ;
|a New York :
|b Thieme,
|c [2003]
|
| 264 |
|
4 |
|c ©2003
|
| 300 |
|
|
|a ix, 268 pages :
|b illustrations ;
|c 19 cm.
|
| 336 |
|
|
|a text
|2 rdacontent
|b txt
|
| 337 |
|
|
|a unmediated
|2 rdamedia
|
| 338 |
|
|
|a volume
|2 rdacarrier
|b nc
|
| 490 |
1 |
|
|a Thieme flexibook
|
| 500 |
|
|
|a Includes index.
|
| 505 |
0 |
|
|a ENT examination -- The ear -- The nose -- The pharynx and larynx -- The head and neck
|
| 650 |
|
2 |
|a Otorhinolaryngologic Diseases
|x diagnosis.
|
| 655 |
|
2 |
|a Atlases.
|
| 776 |
1 |
|
|t Color atlas of ENT diagnosis (Online)
|w (OCoLC) 57233545
|
| 830 |
|
0 |
|a Thieme flexibook.
|
| 948 |
|
|
|a 5th ed. (2010) not purchased, 0/0 use on this item; ngb 1/4/10.
|
| 999 |
|
|
|a MARS
|
| 999 |
f |
f |
|s 579ce4e7-95da-34d2-a7c0-4d46b6d31a5f
|i 7dcd65db-7063-3614-b6d5-ff1339819d73
|t 0
|
| 952 |
f |
f |
|p ric
|a Texas A&M University
|b Rellis Campus
|c Joint Library Facility
|d Remote Storage
|t 0
|e WV 17 B935c 2003
|h National Library of Medicine classification
|i unmediated -- volume
|m 323890185808C
|
| 998 |
f |
f |
|a WV 17 B935c 2003
|t 0
|l Remote Storage
|